000 00539nam a2200181Ia 4500
008 150223s9999 xx 000 0 und d
020 _a9781601630179
050 _aHE 7551
_b.B35 2009
100 _aLeland, Karen et. al.
245 _aE-mail in an instant /
_cKaren Leland
250 _aInternational Ed. 2009
260 _aUSA :
_bCareer Press,
_c2009
300 _a160 pages :
_c21 cm.
504 _aIncludes Index.
650 _aBusiness Communication.
650 _aElectronic mail messages.
650 _aElectronic mail systems
999 _c283321
_d283321